| 000 | 01129nam a22002537a 4500 | ||
|---|---|---|---|
| 003 | OSt | ||
| 005 | 20250408094748.0 | ||
| 008 | 240911b ||||| |||| 00| 0 eng d | ||
| 040 | _c0 | ||
| 082 | _aDPer 621.317 Ie21 December 2022 v.37 n. 12 part 1&2. | ||
| 100 |
_aSaeed, Mahmoud S.E. _eauthor. _960763 |
||
| 245 |
_aDouble-vector-based finite control set model predictive control for five-phase pmsms with high tracking accuracy and dc-link voltage utilization / _cMahmoud S.E. Saeed, Wensheng Song, Li Huang, and Bin Yu. |
||
| 260 |
_aNew York ; _bThe Institute of Electrical and Electronics Engineers, Inc., _cDecember 2022. |
||
| 300 |
_avolume 37, pages 15234-15244, _bilustration. |
||
| 500 | _aIEEE Transactions on Power Electronics, v. 37 n. 12, pages 15234-15244, December 2022. | ||
| 650 | 0 |
_afive-phase systems. _966230 |
|
| 650 | 0 |
_aonline calculation. _966231 |
|
| 650 | 0 |
_avirtual voltage vectors. _966232 |
|
| 700 |
_aSaeed, Mahmoud S.E. _eauthor. _960763 |
||
| 700 |
_a Song, Wensheng. _eauthor. _960764 |
||
| 700 |
_aHuang, Li. _eauthor. _960765 |
||
| 700 |
_aYu, Bin. _eauthor. _960766 |
||
| 942 |
_2ddc _cPER |
||
| 999 |
_c21520 _d21520 |
||